[Event "Team women final 2016"]
[Site "Sochi"]
[Date "2016.05.03"]
[Round "3.5"]
[White "Travkina, Anastasia"]
[Black "Ubiennykh, Ekaterina"]
[Result "0-1"]
[LiveChessVersion "1.4.4"]
[BlackElo "2307"]
[WhiteElo "2255"]
[BlackTeam "Boavishta"]
[WhiteTeam "Donchanka"]

1. e4 {[%clk 1:30:58]} c6 {[%clk 1:30:46]} 2. d4 {[%clk 1:31:22]} d5
{[%clk 1:31:08]} 3. e5 {[%clk 1:31:43]} c5 {[%clk 1:30:45]} 4. c3
{[%clk 1:31:06]} Nc6 {[%clk 1:28:33]} 5. Be2 {[%clk 1:09:01]} Bf5
{[%clk 1:25:56]} 6. Nf3 {[%clk 1:08:43]} e6 {[%clk 1:26:15]} 7. O-O
{[%clk 1:07:11]} Nge7 {[%clk 1:26:18]} 8. dxc5 {[%clk 0:55:40]} Ng6
{[%clk 1:17:32]} 9. b4 {[%clk 0:55:31]} Ngxe5 {[%clk 1:14:44]} 10. Nxe5
{[%clk 0:50:06]} Nxe5 {[%clk 1:15:00]} 11. Bf4 {[%clk 0:47:47]} Nc6
{[%clk 1:14:19]} 12. b5 {[%clk 0:44:58]} Na5 {[%clk 1:07:04]} 13. c6
{[%clk 0:42:21]} Bd6 {[%clk 1:05:55]} 14. Bxd6 {[%clk 0:37:14]} Qxd6
{[%clk 1:06:15]} 15. Qa4 {[%clk 0:37:25]} b6 {[%clk 1:01:56]} 16. Qb4
{[%clk 0:20:55]} Qe5 {[%clk 0:51:36]} 17. Re1 {[%clk 0:17:06]} Bxb1
{[%clk 0:46:30]} 18. Raxb1 {[%clk 0:17:17]} O-O-O {[%clk 0:46:19]} 19. f4
{[%clk 0:14:27]} Qc7 {[%clk 0:45:07]} 20. Qd4 {[%clk 0:14:11]} Rhg8
{[%clk 0:43:27]} 21. Bd3 {[%clk 0:14:00]} g6 {[%clk 0:40:08]} 22. Rb4
{[%clk 0:13:37]} Rd6 {[%clk 0:38:08]} 23. Ra4 {[%clk 0:11:32]} h5
{[%clk 0:36:25]} 24. Qf6 {[%clk 0:09:52]} Re8 {[%clk 0:33:35]} 25. Qd4
{[%clk 0:08:45]} Red8 {[%clk 0:30:35]} 26. Qf6 {[%clk 0:08:22]} Kb8
{[%clk 0:29:44]} 27. Rd4 {[%clk 0:08:12]} Re8 {[%clk 0:29:38]} 28. Qe5
{[%clk 0:07:38]} a6 {[%clk 0:24:23]} 29. a4 {[%clk 0:04:58]} Nb3 {[%clk 0:21:46]}
30. Rb4 {[%clk 0:04:49]} Nc5 {[%clk 0:21:37]} 31. Bc2 {[%clk 0:05:06]} a5
{[%clk 0:21:24]} 32. Rd4 {[%clk 0:05:30]} Rdd8 {[%clk 0:19:41]} 33. h3
{[%clk 0:04:47]} Kc8 {[%clk 0:19:58]} 34. Re2 {[%clk 0:04:14]} Qe7
{[%clk 0:20:18]} 35. Qe3 {[%clk 0:03:46]} f5 {[%clk 0:18:36]} 36. Qg3
{[%clk 0:02:11]} Qf6 {[%clk 0:14:08]} 37. Qe3 {[%clk 0:02:37]} h4
{[%clk 0:13:53]} 38. Qf2 {[%clk 0:02:10]} Rh8 {[%clk 0:11:36]} 39. Qe3
{[%clk 0:02:09]} Rhg8 {[%clk 0:10:53]} 40. Qf2 {[%clk 0:32:16]} Rg7
{[%clk 0:38:45]} 41. Qe3 {[%clk 0:27:31]} Rdg8 {[%clk 0:24:56]} 42. Qf2
{[%clk 0:21:02]} g5 {[%clk 0:24:40]} 43. fxg5 {[%clk 0:18:36]} Rxg5
{[%clk 0:24:57]} 44. Qxh4 {[%clk 0:12:56]} Ne4 {[%clk 0:21:26]} 45. Qe1
{[%clk 0:11:16]} Qh8 {[%clk 0:18:40]} 46. Bxe4 {[%clk 0:08:14]} fxe4
{[%clk 0:19:05]} 47. Kh2 {[%clk 0:07:37]} Qe5+ {[%clk 0:18:41]} 48. Kh1
{[%clk 0:07:55]} Rg3 {[%clk 0:14:59]} 49. Qd1 {[%clk 0:05:37]} Qf5
{[%clk 0:12:50]} 50. Rdxe4 {[%clk 0:01:58]} Qh5 {[%clk 0:08:12]} 51. Re5
{[%clk 0:02:00]} Rxh3+ {[%clk 0:07:12]} 52. gxh3 {[%clk 0:02:25]} Qf3+
{[%clk 0:07:26]} 53. Kh2 {[%clk 0:02:48]} Rh8 {[%clk 0:07:35]} 0-1

[Event "Team women final 2016"]
[Site "Sochi"]
[Date "2016.05.03"]
[Round "3.6"]
[White "Tomilova, Elena"]
[Black "Sukhareva, Evgeniya"]
[Result "1-0"]
[LiveChessVersion "1.4.4"]
[BlackElo "2176"]
[WhiteElo "2305"]
[BlackTeam "Donchanka"]
[WhiteTeam "Boavishta"]

1. e4 {[%clk 1:30:56]} c5 {[%clk 1:30:53]} 2. Nf3 {[%clk 1:31:22]} e6
{[%clk 1:31:18]} 3. g3 {[%clk 1:31:49]} b6 {[%clk 1:29:46]} 4. Bg2
{[%clk 1:32:03]} Bb7 {[%clk 1:30:10]} 5. Qe2 {[%clk 1:32:23]} d6 {[%clk 1:27:01]}
6. d4 {[%clk 1:32:28]} cxd4 {[%clk 1:26:05]} 7. Nxd4 {[%clk 1:32:52]} a6
{[%clk 1:25:40]} 8. O-O {[%clk 1:33:05]} Qc7 {[%clk 1:22:26]} 9. c4
{[%clk 1:30:36]} Nf6 {[%clk 1:18:04]} 10. b3 {[%clk 1:29:16]} Be7
{[%clk 1:10:08]} 11. Bb2 {[%clk 1:29:35]} Nc6 {[%clk 1:06:34]} 12. Nc2
{[%clk 1:18:15]} O-O {[%clk 1:02:28]} 13. Nc3 {[%clk 1:18:11]} Rfe8
{[%clk 0:59:30]} 14. Rfd1 {[%clk 1:16:41]} Rad8 {[%clk 0:54:48]} 15. Ne3
{[%clk 1:14:03]} Qb8 {[%clk 0:46:29]} 16. Rac1 {[%clk 1:13:45]} Nd7
{[%clk 0:41:27]} 17. f4 {[%clk 1:09:48]} Ba8 {[%clk 0:38:41]} 18. Rd2
{[%clk 1:05:08]} Bf8 {[%clk 0:34:09]} 19. Ba3 {[%clk 0:57:30]} Na7
{[%clk 0:30:34]} 20. Rcd1 {[%clk 0:56:17]} Nc5 {[%clk 0:26:19]} 21. b4
{[%clk 0:52:49]} Nb7 {[%clk 0:19:48]} 22. Bb2 {[%clk 0:48:23]} a5
{[%clk 0:16:55]} 23. a3 {[%clk 0:44:57]} Nc6 {[%clk 0:15:15]} 24. b5
{[%clk 0:43:26]} Na7 {[%clk 0:15:02]} 25. Na4 {[%clk 0:41:09]} Nc5
{[%clk 0:12:27]} 26. Nxc5 {[%clk 0:41:28]} dxc5 {[%clk 0:11:50]} 27. Ng4
{[%clk 0:40:13]} h5 {[%clk 0:05:16]} 28. Ne5 {[%clk 0:40:00]} Rxd2
{[%clk 0:02:11]} 29. Rxd2 {[%clk 0:38:08]} Rd8 {[%clk 0:01:20]} 30. Nd7
{[%clk 0:37:57]} Qc7 {[%clk 0:00:54]} 31. Be5 {[%clk 0:37:48]} Qb7
{[%clk 0:00:41]} 32. Nf6+ {[%clk 0:35:57]} gxf6 {[%clk 0:01:05]} 33. Rxd8
{[%clk 0:36:25]} fxe5 {[%clk 0:01:10]} 34. Qxh5 {[%clk 0:36:49]} Qe7
{[%clk 0:00:32]} 35. Rxa8 {[%clk 0:36:43]} exf4 {[%clk 0:00:35]} 36. gxf4
{[%clk 0:35:17]} Qd6 {[%clk 0:00:38]} 37. Qg5+ {[%clk 0:35:08]} Kh7
{[%clk 0:00:49]} 38. Rd8 {[%clk 0:35:16]} Qe7 {[%clk 0:00:34]} 39. Qxe7
{[%clk 0:35:36]} Bxe7 {[%clk 0:00:59]} 40. Ra8 {[%clk 1:05:59]} 1-0

[Event "Team women final 2016"]
[Site "Sochi"]
[Date "2016.05.03"]
[Round "3.7"]
[White "Assaubayeva, Bibisara"]
[Black "Drozdova, Dina"]
[Result "1-0"]
[LiveChessVersion "1.4.4"]
[BlackElo "2235"]
[WhiteElo "2141"]
[BlackTeam "Boavishta"]
[WhiteTeam "Donchanka"]

1. e4 {[%clk 1:30:56]} d6 {[%clk 1:29:52]} 2. d4 {[%clk 1:31:14]} Nf6
{[%clk 1:30:13]} 3. Nc3 {[%clk 1:31:29]} g6 {[%clk 1:28:39]} 4. f4
{[%clk 1:31:08]} Bg7 {[%clk 1:28:57]} 5. Nf3 {[%clk 1:31:29]} O-O
{[%clk 1:29:07]} 6. Bd3 {[%clk 1:31:33]} Na6 {[%clk 1:28:20]} 7. O-O
{[%clk 1:31:40]} c5 {[%clk 1:26:58]} 8. d5 {[%clk 1:31:41]} Nc7 {[%clk 1:19:31]}
9. Qe1 {[%clk 1:29:15]} Rb8 {[%clk 1:17:37]} 10. a4 {[%clk 1:27:34]} e6
{[%clk 1:11:24]} 11. dxe6 {[%clk 1:25:59]} fxe6 {[%clk 1:09:55]} 12. e5
{[%clk 1:24:39]} Nfd5 {[%clk 1:08:30]} 13. Ne4 {[%clk 1:16:26]} Nxf4
{[%clk 0:58:39]} 14. exd6 {[%clk 1:06:02]} Ncd5 {[%clk 0:28:01]} 15. Bc4
{[%clk 1:00:16]} Bd7 {[%clk 0:19:33]} 16. Kh1 {[%clk 0:45:08]} Rc8
{[%clk 0:11:14]} 17. c3 {[%clk 0:38:36]} Qe8 {[%clk 0:07:47]} 18. Qh4
{[%clk 0:35:18]} h6 {[%clk 0:05:31]} 19. Qe1 {[%clk 0:27:14]} Nb6
{[%clk 0:01:56]} 20. Ba2 {[%clk 0:25:43]} Nd3 {[%clk 0:01:24]} 21. Qe2
{[%clk 0:22:19]} Nxc1 {[%clk 0:01:22]} 22. Raxc1 {[%clk 0:22:47]} Nd5
{[%clk 0:01:04]} 23. Qd2 {[%clk 0:20:36]} Rf5 {[%clk 0:00:42]} 24. Ng3
{[%clk 0:18:27]} Rf7 {[%clk 0:00:59]} 25. Rce1 {[%clk 0:17:47]} c4
{[%clk 0:01:07]} 26. Bb1 {[%clk 0:17:24]} Rf4 {[%clk 0:00:51]} 27. Be4
{[%clk 0:17:06]} Rxe4 {[%clk 0:00:45]} 28. Rxe4 {[%clk 0:16:55]} Qf8
{[%clk 0:00:35]} 29. Ne5 {[%clk 0:16:09]} Qxd6 {[%clk 0:01:00]} 30. Nf7
{[%clk 0:15:35]} Qc5 {[%clk 0:00:32]} 31. Nxh6+ {[%clk 0:15:05]} Kh7
{[%clk 0:00:51]} 32. Rh4 {[%clk 0:14:26]} Rf8 {[%clk 0:01:17]} 33. Re1
{[%clk 0:12:01]} Qb6 {[%clk 0:00:44]} 34. Nhf5+ {[%clk 0:11:06]} Kg8
{[%clk 0:01:06]} 35. Nxg7 {[%clk 0:11:25]} 1-0

[Event "Team women final 2016"]
[Site "Sochi"]
[Date "2016.05.03"]
[Round "3.9"]
[White "Lagno, Kateryna"]
[Black "Maslova, Polina"]
[Result "1/2-1/2"]
[LiveChessVersion "1.4.4"]
[BlackElo "2095"]
[WhiteElo "2529"]
[BlackTeam "Bukavushki"]
[WhiteTeam "Legacy"]

1. c4 {[%clk 1:30:50]} e6 {[%clk 1:30:47]} 2. g3 {[%clk 1:30:55]} d5
{[%clk 1:31:07]} 3. Bg2 {[%clk 1:31:10]} Nf6 {[%clk 1:31:29]} 4. Nf3
{[%clk 1:31:11]} dxc4 {[%clk 1:31:35]} 5. O-O {[%clk 1:31:16]} Nbd7
{[%clk 1:27:55]} 6. Qc2 {[%clk 1:29:58]} a6 {[%clk 1:26:13]} 7. a4
{[%clk 1:25:25]} Rb8 {[%clk 1:16:42]} 8. a5 {[%clk 1:22:21]} b5 {[%clk 1:08:24]}
9. axb6 {[%clk 1:21:50]} cxb6 {[%clk 1:08:44]} 10. Qxc4 {[%clk 1:19:07]} Bb7
{[%clk 1:06:50]} 11. d4 {[%clk 1:18:52]} Bd6 {[%clk 1:05:48]} 12. Qd3
{[%clk 1:14:57]} b5 {[%clk 0:54:09]} 13. Nbd2 {[%clk 1:03:00]} O-O
{[%clk 0:50:33]} 14. Nb3 {[%clk 0:59:35]} Qb6 {[%clk 0:48:49]} 15. Bd2
{[%clk 0:50:47]} Be4 {[%clk 0:38:42]} 16. Qe3 {[%clk 0:51:02]} Bc2
{[%clk 0:38:01]} 17. Ba5 {[%clk 0:49:57]} Qa7 {[%clk 0:36:56]} 18. Nc1
{[%clk 0:38:15]} Rfc8 {[%clk 0:28:55]} 19. Nd3 {[%clk 0:31:00]} Nb6
{[%clk 0:27:36]} 20. Bxb6 {[%clk 0:29:14]} Qxb6 {[%clk 0:27:40]} 21. Rfc1
{[%clk 0:29:11]} Nd5 {[%clk 0:21:06]} 22. Qd2 {[%clk 0:29:26]} Bxd3
{[%clk 0:21:04]} 23. Qxd3 {[%clk 0:29:49]} h6 {[%clk 0:19:39]} 24. e4
{[%clk 0:27:22]} Nb4 {[%clk 0:19:43]} 25. Qd2 {[%clk 0:27:03]} Rc7
{[%clk 0:19:14]} 26. Rxc7 {[%clk 0:21:13]} Qxc7 {[%clk 0:19:36]} 27. d5
{[%clk 0:20:44]} exd5 {[%clk 0:18:20]} 28. exd5 {[%clk 0:20:44]} Re8
{[%clk 0:15:26]} 29. Nd4 {[%clk 0:13:35]} Qc4 {[%clk 0:14:33]} 30. Rd1
{[%clk 0:07:57]} Bf8 {[%clk 0:07:55]} 31. b3 {[%clk 0:08:02]} Qc5
{[%clk 0:07:31]} 32. Nc6 {[%clk 0:05:36]} Qd6 {[%clk 0:06:26]} 33. Nxb4
{[%clk 0:04:16]} Qxb4 {[%clk 0:06:50]} 34. Qxb4 {[%clk 0:03:12]} Bxb4
{[%clk 0:07:18]} 35. d6 {[%clk 0:03:37]} Re1+ {[%clk 0:06:24]} 36. Rxe1
{[%clk 0:03:59]} Bxe1 {[%clk 0:06:44]} 37. Bb7 {[%clk 0:03:17]} Ba5
{[%clk 0:04:29]} 38. d7 {[%clk 0:02:55]} b4 {[%clk 0:03:52]} 39. Bxa6
{[%clk 0:02:27]} Kf8 {[%clk 0:04:17]} 40. h4 {[%clk 0:31:23]} Ke7
{[%clk 0:34:16]} 41. Bb5 {[%clk 0:31:49]} Bb6 {[%clk 0:33:57]} 42. Kg2
{[%clk 0:32:05]} f5 {[%clk 0:22:38]} 43. h5 {[%clk 0:31:41]} f4 {[%clk 0:22:49]}
44. gxf4 {[%clk 0:31:47]} Bd4 {[%clk 0:23:06]} 45. Kf3 {[%clk 0:31:43]} Kd8
{[%clk 0:22:29]} 46. Ke2 {[%clk 0:31:46]} Bc3 {[%clk 0:21:07]} 47. Kd3
{[%clk 0:32:05]} Bf6 {[%clk 0:20:11]} 48. Kc4 {[%clk 0:32:21]} Bc3
{[%clk 0:20:19]} 49. Kc5 {[%clk 0:30:48]} Kc7 {[%clk 0:19:07]} 50. Kd5
{[%clk 0:29:20]} Bf6 {[%clk 0:19:16]} 51. Ke6 {[%clk 0:29:37]} Kd8
{[%clk 0:19:30]} 52. Bd3 {[%clk 0:29:30]} Bd4 {[%clk 0:19:14]} 53. f3
{[%clk 0:29:43]} Be3 {[%clk 0:19:30]} 54. f5 {[%clk 0:29:05]} Bg5
{[%clk 0:19:31]} 55. Kd6 {[%clk 0:28:58]} Be7+ {[%clk 0:17:31]} 56. Kc6
{[%clk 0:29:18]} Bf6 {[%clk 0:17:56]} 57. Bc4 {[%clk 0:29:34]} Bc3
{[%clk 0:17:42]} 58. Be6 {[%clk 0:23:36]} Bf6 {[%clk 0:17:57]} 59. Kc5
{[%clk 0:23:42]} Bc3 {[%clk 0:18:16]} 60. Kd6 {[%clk 0:19:50]} Bd4
{[%clk 0:18:16]} 61. Bf7 {[%clk 0:20:01]} Bc3 {[%clk 0:18:25]} 62. Be8
{[%clk 0:19:56]} Bd4 {[%clk 0:18:44]} 63. Kd5 {[%clk 0:19:28]} Bc3
{[%clk 0:18:50]} 64. Kc4 {[%clk 0:19:46]} Ke7 {[%clk 0:18:59]} 65. Kc5
{[%clk 0:20:10]} Kd8 {[%clk 0:19:09]} 66. f6 {[%clk 0:17:41]} gxf6
{[%clk 0:12:31]} 67. Kd6 {[%clk 0:18:07]} Bd2 {[%clk 0:12:39]} 68. Ke6
{[%clk 0:18:21]} Bg5 {[%clk 0:12:58]} 69. Kf5 {[%clk 0:18:41]} Bh4
{[%clk 0:13:07]} 70. Ke6 {[%clk 0:14:11]} Bg5 {[%clk 0:13:28]} 71. Bg6
{[%clk 0:14:23]} Bh4 {[%clk 0:13:34]} 72. Bf5 {[%clk 0:14:25]} Bg5
{[%clk 0:13:53]} 73. Bh3 {[%clk 0:09:46]} Bh4 {[%clk 0:13:59]} 74. Kf5
{[%clk 0:07:03]} Ke7 {[%clk 0:13:44]} 75. Kg6 {[%clk 0:06:19]} Bg5
{[%clk 0:14:07]} 76. Kg7 {[%clk 0:06:25]} Kd8 {[%clk 0:13:34]} 77. Kf7
{[%clk 0:06:36]} Bh4 {[%clk 0:13:47]} 78. Ke6 {[%clk 0:05:55]} Bg5
{[%clk 0:14:13]} 79. Kd6 {[%clk 0:06:13]} Bf4+ {[%clk 0:14:31]} 80. Kc5
{[%clk 0:06:23]} Bd2 {[%clk 0:14:51]} 81. Be6 {[%clk 0:05:22]} Kc7
{[%clk 0:14:46]} 82. Kd4 {[%clk 0:04:57]} Kd8 {[%clk 0:14:59]} 83. Ke4
{[%clk 0:04:59]} Bg5 {[%clk 0:15:12]} 84. Bg4 {[%clk 0:04:16]} Ke7
{[%clk 0:15:32]} 85. Kf5 {[%clk 0:04:22]} Bh4 {[%clk 0:15:52]} 86. Bh3
{[%clk 0:04:13]} Kd8 {[%clk 0:16:14]} 87. Kg4 {[%clk 0:04:00]} Be1
{[%clk 0:16:36]} 88. f4 {[%clk 0:04:06]} Bd2 {[%clk 0:15:50]} 89. Kf5
{[%clk 0:04:16]} Bc1 {[%clk 0:15:15]} 90. Ke4 {[%clk 0:03:53]} Bd2
{[%clk 0:15:35]} 91. Be6 {[%clk 0:04:10]} Bc1 {[%clk 0:15:44]} 92. f5
{[%clk 0:04:14]} Bd2 {[%clk 0:16:01]} 93. Kd5 {[%clk 0:04:22]} Be3
{[%clk 0:16:03]} 94. Kc6 {[%clk 0:04:23]} Bd2 {[%clk 0:16:23]} 95. Bc4
{[%clk 0:04:25]} Bf4 {[%clk 0:16:31]} 96. Bb5 {[%clk 0:04:40]} Be3
{[%clk 0:16:33]} 97. Kd6 {[%clk 0:04:34]} Bf4+ {[%clk 0:16:46]} 98. Ke6
{[%clk 0:04:59]} Bg5 {[%clk 0:17:12]} 99. Ba4 {[%clk 0:05:13]} Bh4
{[%clk 0:17:32]} 1/2-1/2

[Event "Team women final 2016"]
[Site "Sochi"]
[Date "2016.05.03"]
[Round "3.10"]
[White "Trapeznikova, Darya"]
[Black "Kovalevskaya, Ekaterina"]
[Result "1/2-1/2"]
[LiveChessVersion "1.4.4"]
[BlackElo "2467"]
[WhiteElo "2085"]
[BlackTeam "Legacy"]
[WhiteTeam "Bukavushki"]

1. d4 {[%clk 1:30:55]} Nf6 {[%clk 1:30:52]} 2. c4 {[%clk 1:31:09]} c5
{[%clk 1:31:09]} 3. Nf3 {[%clk 1:31:27]} cxd4 {[%clk 1:29:34]} 4. Nxd4
{[%clk 1:31:48]} a6 {[%clk 1:29:05]} 5. Nc3 {[%clk 1:31:41]} e6 {[%clk 1:28:53]}
6. g3 {[%clk 1:25:32]} Qc7 {[%clk 1:27:59]} 7. Qd3 {[%clk 1:22:28]} Nc6
{[%clk 1:24:42]} 8. Nxc6 {[%clk 1:22:23]} dxc6 {[%clk 1:25:05]} 9. Bg2
{[%clk 1:22:06]} Be7 {[%clk 1:17:52]} 10. O-O {[%clk 1:22:04]} O-O
{[%clk 1:18:13]} 11. Qc2 {[%clk 1:18:52]} e5 {[%clk 1:11:46]} 12. b3
{[%clk 1:18:05]} Be6 {[%clk 1:10:05]} 13. Bb2 {[%clk 1:18:00]} Rad8
{[%clk 1:01:56]} 14. Rad1 {[%clk 1:08:53]} h6 {[%clk 0:55:54]} 15. Rxd8
{[%clk 1:00:39]} Rxd8 {[%clk 0:56:14]} 16. Rd1 {[%clk 1:01:02]} Rxd1+
{[%clk 0:50:03]} 17. Nxd1 {[%clk 0:56:17]} Nd7 {[%clk 0:38:49]} 18. e4
{[%clk 0:53:38]} Bc5 {[%clk 0:36:43]} 19. Bc1 {[%clk 0:42:22]} Bd4
{[%clk 0:25:55]} 20. Be3 {[%clk 0:34:56]} Qa5 {[%clk 0:18:23]} 21. Qd2
{[%clk 0:33:03]} Qxd2 {[%clk 0:08:18]} 22. Bxd2 {[%clk 0:33:28]} Bg4
{[%clk 0:05:21]} 23. Ne3 {[%clk 0:32:21]} Be2 {[%clk 0:04:44]} 24. Bf1
{[%clk 0:31:36]} Bf3 {[%clk 0:03:21]} 25. Bg2 {[%clk 0:32:02]} Be2
{[%clk 0:03:47]} 26. Bf1 {[%clk 0:32:29]} Bf3 {[%clk 0:04:11]} 27. Bg2
{[%clk 0:32:56]} Be2 {[%clk 0:02:14]} 1/2-1/2

[Event "Team women final 2016"]
[Site "Sochi"]
[Date "2016.05.03"]
[Round "3.11"]
[White "Kashlinskaya, Alina"]
[Black "Sazonova, Anastasia"]
[Result "1-0"]
[LiveChessVersion "1.4.4"]
[BlackElo "2085"]
[WhiteElo "2466"]
[BlackTeam "Bukavushki"]
[WhiteTeam "Legacy"]

1. Nf3 {[%clk 1:30:57]} e6 {[%clk 1:30:38]} 2. c4 {[%clk 1:31:15]} d5
{[%clk 1:29:43]} 3. d4 {[%clk 1:28:47]} c6 {[%clk 1:29:35]} 4. Nc3
{[%clk 1:29:04]} f5 {[%clk 1:29:41]} 5. Bf4 {[%clk 1:29:07]} Nf6 {[%clk 1:29:38]}
6. e3 {[%clk 1:28:58]} Be7 {[%clk 1:29:36]} 7. h3 {[%clk 1:25:28]} O-O
{[%clk 1:28:50]} 8. g4 {[%clk 1:22:43]} Ne4 {[%clk 1:23:36]} 9. gxf5
{[%clk 1:14:55]} exf5 {[%clk 1:20:49]} 10. Qb3 {[%clk 1:14:16]} Nxc3
{[%clk 1:15:10]} 11. bxc3 {[%clk 1:10:16]} b6 {[%clk 1:11:37]} 12. Bg2
{[%clk 0:55:39]} Be6 {[%clk 1:06:17]} 13. cxd5 {[%clk 0:53:50]} Bxd5
{[%clk 1:05:43]} 14. c4 {[%clk 0:53:59]} Be4 {[%clk 1:05:19]} 15. Rg1
{[%clk 0:53:14]} Nd7 {[%clk 0:57:47]} 16. Ne5 {[%clk 0:44:23]} Nxe5
{[%clk 0:51:24]} 17. Bxe5 {[%clk 0:38:10]} Bxg2 {[%clk 0:51:11]} 18. Rxg2
{[%clk 0:37:02]} Bf6 {[%clk 0:49:15]} 19. c5+ {[%clk 0:34:08]} Qd5
{[%clk 0:48:23]} 20. Qxd5+ {[%clk 0:33:05]} cxd5 21. c6 {[%clk 0:32:53]} Rac8
{[%clk 0:43:33]} 22. Rc1 {[%clk 0:32:39]} Bxe5 {[%clk 0:33:58]} 23. dxe5
{[%clk 0:33:07]} f4 {[%clk 0:31:19]} 24. Kd2 {[%clk 0:26:35]} Rf5
{[%clk 0:28:28]} 25. exf4 {[%clk 0:23:58]} Rxf4 {[%clk 0:28:42]} 26. Rg4
{[%clk 0:16:48]} Rf5 {[%clk 0:15:59]} 27. f4 {[%clk 0:15:58]} Rc7
{[%clk 0:15:27]} 28. Ke3 {[%clk 0:14:07]} Kf7 {[%clk 0:15:29]} 29. Rg5
{[%clk 0:14:03]} Rxg5 {[%clk 0:10:45]} 30. fxg5 {[%clk 0:14:32]} Ke6
{[%clk 0:10:56]} 31. Kd4 {[%clk 0:14:51]} b5 {[%clk 0:09:00]} 32. Kc5
{[%clk 0:13:10]} Rc8 {[%clk 0:07:55]} 33. Rd1 {[%clk 0:11:07]} Kxe5
{[%clk 0:04:18]} 34. Rxd5+ {[%clk 0:11:14]} Ke6 {[%clk 0:04:43]} 35. Rd6+
{[%clk 0:11:00]} Ke5 {[%clk 0:04:46]} 36. Rd7 {[%clk 0:11:19]} 1-0

[Event "Team women final 2016"]
[Site "Sochi"]
[Date "2016.05.03"]
[Round "3.12"]
[White "Nasybullina, Alfia"]
[Black "Savina, Anastasia"]
[Result "1/2-1/2"]
[LiveChessVersion "1.4.4"]
[BlackElo "2387"]
[WhiteElo "2151"]
[BlackTeam "Legacy"]
[WhiteTeam "Bukavushki"]

1. d4 {[%clk 1:30:57]} Nf6 {[%clk 1:30:46]} 2. c4 {[%clk 1:31:20]} g6
{[%clk 1:30:24]} 3. Nc3 {[%clk 1:31:42]} Bg7 {[%clk 1:30:06]} 4. e4
{[%clk 1:32:00]} O-O {[%clk 1:29:44]} 5. Nf3 {[%clk 1:31:55]} d6 {[%clk 1:29:44]}
6. Be2 {[%clk 1:32:15]} Nbd7 {[%clk 1:27:00]} 7. O-O {[%clk 1:32:00]} e5
{[%clk 1:27:18]} 8. Be3 {[%clk 1:32:08]} Re8 {[%clk 1:26:21]} 9. d5
{[%clk 1:32:27]} Nh5 {[%clk 1:26:07]} 10. g3 {[%clk 1:30:15]} Bf8
{[%clk 1:26:10]} 11. Ne1 {[%clk 1:29:53]} Ng7 {[%clk 1:26:32]} 12. Nd3
{[%clk 1:30:06]} f5 {[%clk 1:25:25]} 13. f3 {[%clk 1:30:16]} Be7 {[%clk 1:25:50]}
14. Qd2 {[%clk 1:27:46]} h5 {[%clk 1:15:40]} 15. Bd1 {[%clk 1:26:04]} Rf8
{[%clk 1:14:16]} 16. a3 {[%clk 1:19:11]} Nf6 {[%clk 1:09:42]} 17. c5
{[%clk 1:16:50]} h4 {[%clk 1:05:01]} 18. cxd6 {[%clk 1:13:53]} cxd6
{[%clk 1:05:23]} 19. gxh4 {[%clk 1:08:14]} f4 {[%clk 0:55:18]} 20. Bf2
{[%clk 0:36:29]} Nfh5 {[%clk 0:54:26]} 21. Be2 {[%clk 0:33:17]} Bxh4
{[%clk 0:53:06]} 22. Rfc1 {[%clk 0:29:34]} Qg5+ {[%clk 0:27:10]} 23. Kh1
{[%clk 0:29:29]} Bxf2 {[%clk 0:27:00]} 24. Nxf2 {[%clk 0:29:43]} Qh4
{[%clk 0:21:00]} 25. Bc4 {[%clk 0:21:24]} Ne8 {[%clk 0:17:40]} 26. Rg1
{[%clk 0:14:27]} Kg7 {[%clk 0:17:06]} 27. Rg2 {[%clk 0:14:01]} a6
{[%clk 0:15:03]} 28. Kg1 {[%clk 0:10:32]} Bd7 {[%clk 0:15:09]} 29. Rc1
{[%clk 0:10:17]} Rc8 {[%clk 0:15:03]} 30. Be2 {[%clk 0:09:03]} Qd8
{[%clk 0:14:26]} 31. Nb1 {[%clk 0:04:54]} Nc7 {[%clk 0:11:16]} 32. Ng4
{[%clk 0:03:37]} Nb5 {[%clk 0:09:44]} 33. Bxb5 {[%clk 0:02:41]} Qb6+
{[%clk 0:09:42]} 34. Kh1 {[%clk 0:02:47]} Bxb5 {[%clk 0:06:37]} 35. Nc3
{[%clk 0:02:25]} Rh8 {[%clk 0:05:27]} 36. Rgg1 {[%clk 0:01:48]} Bd7
{[%clk 0:05:01]} 37. Nf2 {[%clk 0:01:22]} Qd8 {[%clk 0:02:59]} 38. Rg2
{[%clk 0:00:44]} b5 {[%clk 0:02:36]} 39. Ne2 {[%clk 0:00:51]} Qh4
{[%clk 0:00:52]} 40. Rxc8 {[%clk 0:30:52]} Rxc8 {[%clk 0:30:50]} 41. Kg1
{[%clk 0:25:11]} Qd8 {[%clk 0:28:31]} 42. Kh1 {[%clk 0:21:04]} Qb6
{[%clk 0:27:12]} 43. Nd1 {[%clk 0:18:54]} a5 {[%clk 0:16:29]} 44. Qe1
{[%clk 0:17:48]} b4 {[%clk 0:15:54]} 45. axb4 {[%clk 0:13:00]} axb4
{[%clk 0:15:56]} 46. b3 {[%clk 0:09:45]} Ra8 {[%clk 0:10:15]} 47. Nc1
{[%clk 0:05:50]} Qc5 {[%clk 0:03:13]} 48. Nd3 {[%clk 0:04:02]} 1/2-1/2